000 00609nam a2200241 a 4500
001 nice12345678
003 IN_TiNIC
005 20260116014305.0
008 050524s1988 riya grp 000 0 eng
020 _a
_c100
082 0 0 _a297.1227
_bPHI
100 _aPhilips, Abu Ameenah Bilal
245 _aTafseer Soorah Al-Hujuraat
260 _aRiyadh
_bTawheed Pub
_c1988
300 _a240p
500 _aincludes index and biblioraphy
505 2 _aIndex, Bibliography
650 _aQuran-Hermeneutics
700 1 _aPhilips, Abu Ameenah Bilal
902 _bSRS
942 _cBK
999 _c14664
_d14664